1 Corinthiens 13 - Bible - Statistiques

Statistiques générales
  • Ce quiz a été pris 33 fois
  • Le résultat moyen est 96 sur 287
Statistiques - réponses
Réponse % Correct
à
92%
la
88%
est
72%
il
72%
je
68%
le
68%
ma
68%
se
68%
me
64%
ne
64%
pas
60%
ce
56%
et
56%
de
52%
En
52%
en
52%
l'amour,
52%
l'amour
52%
L'amour
52%
sa
52%
Dieu
48%
les
48%
Les
48%
son
48%
au
44%
patient
44%
si
44%
Si
44%
suis
44%
des
40%
plus
40%
vie
40%
mais
36%
Mais
36%
nous
36%
qui
36%
rien
36%
rien.
36%
pour
32%
comme
28%
espère
28%
foi
28%
grande
28%
m'en
28%
que
28%
toute
28%
un
28%
vérité
28%
anges
24%
bonté
24%
c'est
24%
d'orgueil
24%
envieux
24%
fait
24%
homme
24%
langues
24%
mal
24%
n'est
24%
ou
24%
24%
plein
24%
sans
24%
s'enfle
24%
tous
24%
autres
20%
celles
20%
enfant
20%
intérêt
20%
jour
20%
même
20%
parlais
20%
propre
20%
somme,
20%
trois
20%
avoir
16%
cela
16%
cherche
16%
connais
16%
cymbale
16%
fin.
16%
fin,
16%
hommes
16%
l'espérance
16%
mes
16%
pardonne
16%
qu'une
16%
sont
16%
temps
16%
une
16%
Une
16%
bruyante
12%
connaissance
12%
connaît.
12%
d'entre
12%
elles,
12%
faire
12%
point
12%
serais
12%
trompette
12%
Alors,
8%
alors
8%
biens
8%
cesseront,
8%
choses
8%
connaissais
8%
dans
8%
Dans
8%
défait
8%
demeurent :
8%
devenu
8%
d'inconvenant
8%
j'avais
8%
j'étais
8%
jusqu'à
8%
l'enfant.
8%
Lorsque
8%
Notre
8%
partiel
8%
partielle
8%
possédais
8%
prophéties
8%
prophéties.
8%
valoir
8%
voyons
8%
aider
4%
Aujourd'hui
4%
cessera.
4%
claironnante
4%
connaîtrai
4%
contre
4%
d'une
4%
effet
4%
fois
4%
manière
4%
miroir.
4%
montagnes
4%
n'aura
4%
nos
4%
partielles
4%
pensais
4%
persévère.
4%
pouvoir
4%
présent,
4%
raisonnais
4%
sacrifiais
4%
servirait
4%
trame
4%
transporter
4%
vanter
4%
verrons
4%
apparaîtra
0%
certes,
0%
confiance
0%
directement.
0%
inconnues
0%
indirecte
0%
l'attriste
0%
l'injustice
0%
occasion
0%
particulière
0%
perfection
0%
plénitude
0%
prendront
0%
réjouit
0%
s'aigrit
0%
secrets
0%
Aucun quiz correspondant
Distribution des résultats
% des personnes avec chaque résultat
Percentile par nombre de réponses
Votre historique - résultats
Vous n’avez pas pris ce quiz